Datum a čas kvízu
40.5
Celkem bodů
Celkový počet nahraných bodů na tomto kvízu bez doplňovacích otázek.
1.
Pořadí na kvízu
Konečné umístění týmu na tomto kvízu.
Zaznamenané odpovědi
| # | Otázka | Odpověď | Body | Výsledky |
|---|---|---|---|---|
| 1. | Na sociálních sítích se minulý... | v Pardubicích | 1 | |
| 2. | Válkou postižené Ukrajině přic... | Starlink | 1 | |
| 3. | Jak zní název nového krimináln... | Šéfka | 1 | |
| 4. | V pondělí představila společno... | příchuť vesmíru | 0 | |
| 5. | Bývalá česká atletka by se s n... | Denisa Helceletová (Rosolová) | 1 | |
| 6. | Začneme sarajevským atentátem... | V 50 letech. (Uznáváme 48–52 let.) | 0 | |
| 7. | Ve Spojených státech se událo... | 1A 2B 3D 4C | 1 | |
| 8. | Fanny Kaplanová byla ruskou po... | B | 1 | |
| 9. | Jak se jmenoval jediný novodob... | Alois Rašín | 1 | |
| 10. | Poslední bod tohoto tématu roz... | Bénazír Bhuttová, Pákistán | 1 |